Insurgency Sandstorm: All Weapons - Statistics

General Stats
  • This quiz has been taken 63 times
    48 since last reset
  • The average score is 47 of 71
Answer Stats
Hint Answer % Correct
Rifleman M16A4
100%
Rifleman AKM
95%
Rifleman M16A2
95%
Marksman M24
95%
Rifleman M4A1
95%
Rifleman AK74
90%
Marksman MK14 EBR
90%
Secondary M1911
85%
Rifleman FAMAS F1
80%
Gunner M60
80%
Secondary M9
80%
Breacher MP5A5
80%
Demolitions RPG-7
80%
Gunner RPK
80%
Rifleman G36K
75%
Rifleman G3A3
75%
Gunner Galil
75%
Gunner M240
75%
Gunner M249
75%
Secondary Makarov
75%
Advisor MK18 CQBR
75%
Breacher MP5A2
75%
Gunner PKM
75%
Advisor Alpha AK
70%
Demolitions AT4
70%
Breacher Grease Gun
70%
Marksman M1 Garand
70%
Secondary M45
70%
Breacher M870
70%
Advisor MK17 Mod 0
70%
Marksman Mosin-Nagant
70%
Advisor P90
70%
Demolitions Panzerfaust-3
70%
Marksman SVD
70%
Secondary Desert Eagle
65%
Rifleman FN FAL
65%
Gunner MG3
65%
Breacher MP7
65%
Secondary MR73
65%
Advisor AKS-74u
60%
Breacher AS VAL
60%
Secondary Browning HP
60%
Secondary L106A1
60%
Advisor L85A2
60%
Secondary PFS40
60%
Breacher Sterling
60%
Breacher Uzi
60%
Secondary Welrod
60%
Rifleman AUGA3
55%
Breacher KS-23
55%
Marksman M110 SASS
55%
Demolitions M79
55%
Marksman M82A1 CQB
55%
Rifleman MDR
55%
Secondary Tariq
55%
Advisor TAVOR 7
55%
Advisor Vector
55%
Gunner Galil SAR
50%
Breacher Honey Badger
50%
Breacher KSG
50%
Demolitions M320
50%
Demolitions M3 MAAWS
50%
Rifleman QBZ-97
50%
Advisor SKS
50%
Advisor ACE 52
45%
Rifleman VHS
45%
Marksman M99
40%
Rifleman QTS-11
40%
Breacher TOZ-194
40%
Rifleman QBZ-03
35%
Rifleman SG 552
30%
No matching quizzes found
Score Distribution
Percent of People with Each Score
Percentile by Number Answered
Your Score History
You have not taken this quiz since the last reset